000 00906nam a22003017a 4500
003 CHAP
005 20220329134203.0
008 971013s1943 r 00010 d
010 _a16674
011 _a17646
035 _a21729
040 _cCHAP
090 _aTesis
100 0 0 _aHoyos Barrios, Emilio.
_956533
245 _aSobre la primera sección del Canal de Salamanca
260 _aSalamanca, Gto. :
_bEl Autor,
_c1943
300 _a64 h.
_b: ilus.
502 _aTesis (Ing. Agr. Esp. en Irrigación) -- ENA.
590 _aALEPH
_b10
_c20130110
_lUCH01
_h1239
590 _aBATCH-UPD
_b10
_c20130110
_lUCH01
_h0147
590 _aBATCH-UPD
_b10
_c20130110
_lUCH01
_h2137
590 _aCONVERSION
_b10
_c20130109
_lUCH01
_h1310
650 1 4 _aAgricultura
_zGuanajuato.
_91927
650 1 4 _aCanales
_xGuanajuato.
_918261
901 _aBK
942 _cTESIS
949 _bBC
_cTES
_d-50480
_eTS1
_i21729
_si
999 _c16674
_d16674